| 000 | 00401nam a22001577a 4500 | ||
|---|---|---|---|
| 005 | 20180203115811.0 | ||
| 008 | 160428b xxu||||| |||| 00| 0 eng d | ||
| 041 | _aeng | ||
| 082 |
_b00557 _a004.22 |
||
| 100 |
_aMano, Morris M. _9100 |
||
| 245 | _aComputer System Architecture | ||
| 260 |
_aNew Delhi _bPearson Education, _c2004 |
||
| 300 | _a525 | ||
| 650 |
_aInformation Technology _9137 |
||
| 942 | _cBK | ||
| 999 |
_c159 _d159 |
||